Formel 1 Trivia Quiz - Statistiken

Allgemein
  • Dieses Quiz wurde 1.659 mal gespielt
    1.087 seit der letzten Aktualisierung
  • Das Durchschnittsergebnis liegt bei 10 aus 12
Antwortstatistiken
Frage Antwort % Korrekt
Welches Formel 1 Team hat die meisten Titel? Ferrari
97%
Welches Team fährt am längsten in der Formel 1? Ferrari
97%
Fahrer mit der höchsten Anzahl an Weltmeistertiteln Lewis Hamilton
97%
Wie schnell darf man im Boxenstopp maximal fahren? {60 bzw. 80} km/h
96%
Welche Automarke stellt seit 1996/97 ein Safety-Car? Mercedes
94%
Fahrer mit der höchsten Anzahl an Weltmeistertiteln Michael Schumacher
94%
Was ist unter der gelben Fahne untersagt? Überholen
87%
Jüngster Weltmeister Sebastian Vettel
84%
Von wem wird die Formel 1 ausgetragen? FIA
77%
Wofür sorgt die rote Fahne? Unterbrechung | Abbruch
72%
Wie lang darf ein Rennen maximal dauern? zwei Stunden
64%
Wer gewann den ersten Formel 1-Titel? Giuseppe Farina
47%
Keine übereinstimmenden Quizze gefunden
Verteilung der Resultate
Anzahl Personen mit jedem Resultat
Perzentil nach korrekt beantworteten Fragen
Ihre Resultats-Entwicklung
Sie haben dieses Quiz seit der letzten Aktualisierung nicht gespielt